[Event "THA Amatuer-ch"]
[Site "Thailand"]
[Date "2019.02.20"]
[Round "7"]
[White "Saelee, Suppakrit"]
[Black "Laohawirapap, Prin"]
[Result "0-1"]
[WhiteElo "1741"]
[BlackElo "1747"]
[PlyCount "84"]
[EventDate "2019.02.16"]
[EventType "swiss"]
[EventRounds "7"]
[EventCountry "THA"]
[SourceTitle "CBM 189 Extra"]
[Source "ChessBase"]
[SourceDate "2019.06.03"]
[SourceVersion "1"]
[SourceVersionDate "2019.06.03"]
[SourceQuality "1"]

1. c4 c6 2. Nc3 d5 3. cxd5 cxd5 4. d4 Nc6 5. Bf4 Nf6 6. e3 a6 7. Bd3 Bg4 8. f3 Bh5 9. Nge2 e6 10. 0-0 Be7 11. Rc1 0-0 12. Na4 Nd7 13. Ng3 Bg6 14. a3 Rc8 15. b4 Bxd3 16. Qxd3 g5 17. Be5 f6 18. f4 fxe5 19. fxe5 Rxf1+ 20. Rxf1 Qe8 21. Nc5 Nxc5 22. bxc5 Qg6 23. Qb3 Rc7 24. Rd1 Rd7 25. Qc3 Bd8 26. Rf1 h5 27. Qd2 h4 28. Ne2 Rf7 29. Rxf7 Qxf7 30. Qb2 Na5 31. Nc3 Nc4 32. Qc1 Qf5 33. Nd1 Qd3 34. h3 Ba5 35. Nf2 Qd2 36. Qxd2 Bxd2 37. e4 Be3 38. exd5 exd5 39. Kf1 Bxd4 40. Ng4 Ne3+ 41. Nxe3 Bxe3 42. Ke2 Bxc5 0-1

[Event "THA Amatuer-ch"]
[Site "Thailand"]
[Date "2019.02.19"]
[Round "6"]
[White "Sorncharoensap, Poramet"]
[Black "Saelee, Suppakrit"]
[Result "0-1"]
[WhiteElo "1517"]
[BlackElo "1741"]
[PlyCount "72"]
[EventDate "2019.02.16"]
[EventType "swiss"]
[EventRounds "7"]
[EventCountry "THA"]
[SourceTitle "CBM 189 Extra"]
[Source "ChessBase"]
[SourceDate "2019.06.03"]
[SourceVersion "1"]
[SourceVersionDate "2019.06.03"]
[SourceQuality "1"]

1. e4 c5 2. Nf3 d6 3. d4 cxd4 4. Nxd4 Nf6 5. Nc3 g6 6. Bc4 Bg7 7. f3 0-0 8. Be3 Nc6 9. Nb3 Ne5 10. Be2 Be6 11. Qd2 Re8 12. Nd4 Bd7 13. 0-0-0 a6 14. h3 b5 15. f4 b4 16. fxe5 bxc3 17. Qxc3 Nxe4 18. Qb3 Bxe5 19. Bg4 e6 20. h4 Rb8 21. Qd3 f5 22. h5 Nc5 23. Qe2 fxg4 24. hxg6 Qf6 25. gxh7+ Kh8 26. Qxg4 Qg7 27. Qh5 Rf8 28. g3 Be8 29. Qh3 Rf6 30. Rdg1 Rg6 31. Bf2 Ne4 32. Nxe6 Nxf2 33. Qf5 Rxe6 34. Qxe6 Nxh1 35. Rxh1 Bxb2+ 36. Kb1 Ba3+ 0-1

[Event "THA Amatuer-ch"]
[Site "Thailand"]
[Date "2019.02.18"]
[Round "3"]
[White "Saelee, Suppakrit"]
[Black "Wiwatanadate, Poompong"]
[Result "0-1"]
[WhiteElo "1741"]
[BlackElo "2005"]
[PlyCount "64"]
[EventDate "2019.02.16"]
[EventType "swiss"]
[EventRounds "7"]
[EventCountry "THA"]
[SourceTitle "CBM 189 Extra"]
[Source "ChessBase"]
[SourceDate "2019.06.03"]
[SourceVersion "1"]
[SourceVersionDate "2019.06.03"]
[SourceQuality "1"]

1. c4 c5 2. Nf3 g6 3. g3 b6 4. Bg2 Bb7 5. 0-0 Bg7 6. Nc3 Nf6 7. d3 0-0 8. e4 Nc6 9. Be3 e5 10. h3 d6 11. Qd2 Ne7 12. Ne1 Nd7 13. Nc2 f5 14. b4 f4 15. Rab1 fxe3 16. Nxe3 Nc6 17. Ned5 Nd4 18. Rb2 Nf6 19. f3 Bxd5 20. exd5 cxb4 21. Rxb4 Nf5 22. Kh2 Bh6 23. Qb2 Be3 24. Ne4 Nxe4 25. fxe4 Bd4 26. Qe2 Ne3 27. Rxf8+ Qxf8 28. h4 Qf6 29. Rb1 Rf8 30. Re1 Qf2 31. Qxf2 Rxf2 32. Rg1 Rxa2 0-1

[Event "Bangkok Cha Am op 18th"]
[Site "Bangkog"]
[Date "2018.04.16"]
[Round "4"]
[White "Saelee, Suppakrit"]
[Black "Panda, Sambit"]
[Result "0-1"]
[WhiteElo "1766"]
[BlackElo "2104"]
[PlyCount "102"]
[EventDate "2018.04.13"]
[EventType "swiss"]
[EventRounds "9"]
[EventCountry "THA"]
[SourceTitle "CBM 184 Extra"]
[Source "ChessBase"]
[SourceDate "2018.06.28"]
[SourceVersion "1"]
[SourceVersionDate "2018.06.28"]
[SourceQuality "1"]

1. d4 Nf6 2. Bf4 e6 3. e3 c5 4. c3 Nc6 5. Nd2 d5 6. Bd3 Bd6 7. Bxd6 Qxd6 8. f4 0-0 9. Ngf3 Bd7 10. Ne5 cxd4 11. exd4 Ne8 12. 0-0 g6 13. Rf3 Ne7 14. Rg3 Ng7 15. Qg4 Be8 16. h4 f6 17. Nxg6 hxg6 18. Bxg6 Nxg6 19. h5 Qxf4 20. hxg6 Qxg4 21. Rxg4 f5 22. Rg5 Rf6 23. Nf3 Rxg6 24. Re1 Rxg5 25. Nxg5 Bd7 26. Kf2 Rf8 27. g3 Rf6 28. Nf3 Ne8 29. Ne5 Bb5 30. Kf3 Nd6 31. Kf4 Kg7 32. b3 Rh6 33. g4 fxg4 34. Nxg4 Rg6 35. Rc1 Nf7 36. c4 Bc6 37. c5 Bb5 38. b4 Be2 39. Ne5 Nxe5 40. Kxe5 Rg4 41. Kxe6 Rxd4 42. Ke5 Rd2 43. a4 a6 44. Kd6 d4 45. c6 bxc6 46. Kxc6 d3 47. Rg1+ Kf6 48. b5 Rc2+ 49. Kd7 axb5 50. axb5 d2 51. b6 Rc1 0-1